000 00448nam a2200169Ia 4500
005 20250508155822.0
008 008 250505s9999 xx 000 0 eng d
037 _aBooks to be hide in OPAC
040 _aFEDL
_beng
_cFEDL
041 _aeng
_2eng
084 _a370, AGG/O
_qFEDL
100 _aAggarwal J C
245 0 _aThoughts of gandhiji on education
300 _a42p.
942 _cHB
_h370, AGG/O
999 _c1359449
_d1359449